000 00801nam a2200217 i 4500
001 84526
003 ES-MaACL
005 20250810090341.0
007 t|
008 041123s1949 sp ||||1| spa d
100 1 _aJiménez de Gregorio, Fernando,
_d1911-2012
_966505
245 1 0 _aArqueología medieval en La Jara :
_blas torres de Alcaudete /
_cpor Fernando Giménez de Gregorio.
260 _aMadrid :
_bHauser y Menet,
_c[1949]
300 _a6 h., 1 lám. ;
_c27 cm.
595 _aSeparata de: Boletín de la Sociedad Española de Excursiones, n. 53, 1949.
650 7 _aArqueología medieval
_2embne
_99983
651 _aToledo (Provincia)-
_xRestos arqueológicos.
_9168868
710 2 _aHauser y Menet (Madrid)
_94558
852 _aES-MaACL
_j1908-F-14
999 _c84526
_d84526